Estadísticas para Grupos de Cosas - Harry Potter

Haz click aquí para intentar la prueba.

Estadísticas generales

  • Esta prueba ha sido intentada 332 veces
  • La puntuación promedio es 41 de 61

Estadísticas de respuestas

GrupoRespuesta% Correcto
HorrocruxesHarry Potter
100%
Personajes PrincipalesHarry Potter
100%
Familia WeasleyRon
100%
Personajes PrincipalesRon Weasley
100%
Personajes PrincipalesHermione Granger
99%
Casas de HogwartsGryffindor
95%
Casas de HogwartsSlytherin
93%
Directores de HogwartsAlbus Dumbledore
90%
Casas de HogwartsHufflepuff
90%
Casas de HogwartsRavenclaw
90%
Familia WeasleyFred
88%
Familia WeasleyGinny
87%
Reliquias de la MuerteCapa de Invisibilidad
86%
Familia WeasleyGeorge
86%
Clases de HogwartsPociones
84%
Reliquias de la MuerteVarita de Saúco
82%
Clases de HogwartsDefensa contra las Artes Oscuras
80%
Pelotas de QuidditchSnitch Dorada
79%
Directores de HogwartsSeverus Snape
78%
HorrocruxesDiario de Tom Riddle
76%
Libros de Harry PotterPiedra Filosofal
76%
Maldiciones ImperdonablesCrucio
75%
Familia WeasleyMolly
74%
Libros de Harry PotterReliquias de la Muerte
74%
Libros de Harry PotterCámara de los Secretos
73%
Libros de Harry PotterPrisionero de Azkaban
73%
Posiciones de QuidditchBuscador
72%
Libros de Harry PotterCáliz de Fuego
72%
Libros de Harry PotterPríncipe Mestizo
72%
HorrocruxesDiadema de Rowena Ravenclaw
71%
HorrocruxesNagini
71%
Familia WeasleyArthur
70%
Reliquias de la MuertePiedra de la Resurrección
70%
Libros de Harry PotterÓrden del Fénix
69%
Maldiciones ImperdonablesAvada Kedavra
68%
Familia WeasleyPercy
68%
Maldiciones ImperdonablesImperio 
67%
Directores de HogwartsMinerva McGonagall
66%
HorrocruxesGuardapelo de Salazar Slytherin
64%
Clases de HogwartsHerbología
64%
HorrocruxesCopa de Helga Hufflepuff
62%
HorrocruxesAnillo de Sorvolo Gaunt
61%
Clases de HogwartsAdivinación
59%
Familia WeasleyBill
59%
Familia WeasleyCharlie
55%
Posiciones de QuidditchGolpeador
54%
Directores de HogwartsDolores Umbridge
50%
Posiciones de QuidditchCazador
48%
Clases de HogwartsEncantamientos
48%
Posiciones de QuidditchGuardián
47%
Pelotas de QuidditchQuaffle
47%
Pelotas de QuidditchBludger
44%
Clases de HogwartsCuidado de Criaturas Mágicas
42%
Clases de HogwartsVuelo
41%
Clases de HogwartsHistoria de la Magia
38%
Clases de HogwartsAstronomía
33%
Clases de HogwartsEstudios Muggle
31%
Clases de HogwartsEstudio de Runas Antiguas
29%
Clases de HogwartsAritmancia
17%
Clases de HogwartsTransfiguración
13%
Clases de HogwartsAparición
6%

Distribución de puntuación

Porcentaje por número respondido

Porcentaje de gente con cada puntuación

Historial de tus puntuaciones

No has intentado esta prueba.